LIBRARY ONLINE CATALOGUE

Environmental chemistry / (Record no. 8432)

MARC details
000 -LEADER
fixed length control field 00639nam a22002172 4500
001 - CONTROL NUMBER
control field 0000013068
005 - DATE AND TIME OF LATEST TRANSACTION
control field 20151217152121.0
008 - FIXED-LENGTH DATA ELEMENTS--GENERAL INFORMATION
fixed length control field 090526s xx 000 0 eng d
020 ## - INTERNATIONAL STANDARD BOOK NUMBER
International Standard Book Number 8122419467 :
040 ## - CATALOGING SOURCE
Original cataloging agency KABU
Transcribing agency KABU
100 1# - MAIN ENTRY--PERSONAL NAME
Personal name De, A. K.
-- 0000170171
245 10 - TITLE STATEMENT
Title Environmental chemistry /
Statement of responsibility, etc. A. K. De; revised by Arnab Kumar De.
250 ## - EDITION STATEMENT
Edition statement 6th ed.
260 ## - PUBLICATION, DISTRIBUTION, ETC. (IMPRINT)
Place of publication, distribution, etc. New Delhi :
Name of publisher, distributor, etc. New Age,
Date of publication, distribution, etc. 2006.
300 ## - PHYSICAL DESCRIPTION
Extent xvi, 339 p.
650 #0 - SUBJECT ADDED ENTRY--TOPICAL TERM
Topical term or geographic name as entry element Environmental chemistry.
-- 0000154237
700 1# - ADDED ENTRY--PERSONAL NAME
Personal name De, Arnab Kumar.
-- 0000170172
852 1# - LOCATION
-- p3500 KES
908 ## - PUT COMMAND PARAMETER (RLIN)
Put command parameter 090526
950 ## - LOCAL HOLDINGS (RLIN)
-- 1
Holdings
Withdrawn status Lost status Source of classification or shelving scheme Not for loan Home library Current library Date acquired Total Checkouts Full call number Barcode Date last seen Date last checked out Price effective from Koha item type
    Library of Congress Classification   Kabarak, Main Campus Kabarak, Main Campus 17/12/2015 1 TD193 .D4 2006 c. 1 17719 04/06/2021 28/05/2021 17/12/2015 General Collection